|
|
|
|
| LEADER |
01213nam a2200241 a 4500 |
| 001 |
GR-MES3050 |
| 008 |
991111s1992 gr 000 0 gre d |
| 040 |
|
|
|a GrPaTEI
|b gre
|c GR-PaULI
|
| 245 |
0 |
0 |
|a Αγροτική πίστη και οικονομικός μετασχηματισμός στη Β.Πελοπόννησο :
|b Αιγιάλεια τέλη 19ου αιώνα
|n 3ος .
|p Πιστωτικό σύστημα, οικονομία και κοινωνία.
|
| 260 |
|
|
|a Αθήνα :
|b Μορφωτικό Ιδρυμα Εθνικής Τράπεζας,
|c 1992
|
| 300 |
|
|
|a 392σελ. :
|b διαγρ.
|
| 650 |
|
4 |
|a ΑΙΓΙΑΛΕΙΑ
|
| 650 |
|
4 |
|a Ιστορία
|
| 650 |
|
4 |
|a ΚΟΙΝΩΝΙΑ
|
| 650 |
|
4 |
|a Οικονομία
|
| 650 |
|
4 |
|a Οικονομική ιστορία
|
| 650 |
|
4 |
|a ΠΕΛΟΠΟΝΝΗΣΟ
|
| 700 |
1 |
|
|a Καλαφάτης, Θ.
|
| 710 |
0 |
|
|a Μορφωτικό Ιδρυμα Εθνικής Τράπεζας
|
| 942 |
|
|
|2 ddc
|
| 952 |
|
|
|0 0
|1 0
|2 ddc
|4 0
|6 909_810000000000000_ΚΑΛ
|7 0
|9 267576
|a MSLG
|b MSLG
|c BSC
|d 2021-01-17
|e 24
|f 0
|g 0.00
|l 0
|o 909.81 ΚΑΛ
|p 2420000013474
|r 2021-01-17 00:00:00
|t 1
|w 2021-01-17
|y BK15
|x 19991111 0 1
|x GrPaTEI
|
| 971 |
|
|
|a .b25740957
|b 15-04-20
|c 13-09-16
|
| 999 |
|
|
|c 154048
|d 154048
|